[Event "IV Open Citta di Castellaneta"]
[Site "Castellaneta (TA)"]
[Date "2000.08.31"]
[Round "5"]
[White "Indelicati, Giuseppe"]
[Black "Foisor, Ovidiu"]
[Result "0-1"]
[WhiteElo "2202"]
[BlackElo "2404"]
[PlyCount "52"]
[EventDate "2000.08.??"]

1. e4 e6 2. d4 d5 3. Nc3 Nf6 4. Bg5 dxe4 5. Nxe4 Be7 6. Bxf6 gxf6 7. Nf3 a6 8.
a4 b6 9. Bd3 Bb7 10. O-O c5 11. dxc5 bxc5 12. Qe2 Qc7 13. Rfe1 Rg8 14. Ned2 f5
15. g3 Nc6 16. c3 h5 17. Nc4 h4 18. Nfe5 Nxe5 19. Nxe5 Rg7 20. Bc4 hxg3 21.
fxg3 Be4 22. Nd3 Rxg3+ 23. hxg3 Qxg3+ 24. Kf1 Qh3+ 25. Kg1 Qh1+ 26. Kf2 Qg2+
0-1

[Event "IV Open Citta di Castellaneta"]
[Site "Castellaneta (TA)"]
[Date "2000.08.31"]
[Round "5"]
[White "Lalic, Bogdan"]
[Black "Iordachescu, Viorel"]
[Result "1/2-1/2"]
[WhiteElo "2520"]
[BlackElo "2594"]
[PlyCount "27"]
[EventDate "2000.08.??"]

1. c4 e5 2. Nc3 d6 3. Nf3 f5 4. g3 Nf6 5. d4 e4 6. Nh4 g6 7. Bg5 Bg7 8. Bg2 O-O
9. Qd2 Be6 10. d5 Bf7 11. O-O Nbd7 12. f3 exf3 13. exf3 Ne5 14. b3 1/2-1/2

[Event "IV Open Citta di Castellaneta"]
[Site "Castellaneta (TA)"]
[Date "2000.08.31"]
[Round "5"]
[White "Lazarev, Vladimir"]
[Black "Collutiis, Duilio"]
[Result "1/2-1/2"]
[WhiteElo "2478"]
[BlackElo "2286"]
[PlyCount "76"]
[EventDate "2000.08.??"]

1. d4 Nf6 2. c4 g6 3. Nc3 Bg7 4. e4 d6 5. h3 O-O 6. Bg5 Na6 7. Nf3 e5 8. d5 h6
9. Be3 Nc5 10. Nd2 a5 11. a3 Ne8 12. b4 axb4 13. axb4 Rxa1 14. Qxa1 Na6 15. Qa3
f5 16. Nb3 f4 17. Bd2 b6 18. Nb5 Nf6 19. Bd3 Bb7 20. c5 dxc5 21. bxc5 c6 22.
Nc3 cxd5 23. c6 Bxc6 24. Qxa6 dxe4 25. Qc4+ Kh7 26. Bxe4 Nxe4 27. Qxc6 Nxc3 28.
Qxc3 e4 29. Qc4 e3 30. Bb4 exf2+ 31. Kxf2 Qh4+ 32. Kg1 Qg3 33. Bxf8 f3 34. Qf1
fxg2 35. Qxg2 Qe1+ 36. Qf1 Qg3+ 37. Qg2 Qe1+ 38. Qf1 Qg3+ 1/2-1/2

[Event "IV Open Citta di Castellaneta"]
[Site "Castellaneta (TA)"]
[Date "2000.08.31"]
[Round "5"]
[White "Martorelli, Antonio"]
[Black "Dragojlovic, Andjelko"]
[Result "0-1"]
[WhiteElo "2272"]
[BlackElo "2395"]
[PlyCount "60"]
[EventDate "2000.08.??"]

1. e4 b6 2. d4 Bb7 3. Bd3 e6 4. Nf3 c5 5. d5 exd5 6. exd5 Bxd5 7. O-O Nc6 8.
Nc3 Be6 9. Bf4 Nf6 10. Nb5 d6 11. Re1 a6 12. Nc3 Be7 13. Ng5 Qd7 14. Qf3 O-O
15. Nxe6 fxe6 16. Qh3 Nd4 17. Be3 g6 18. Bxd4 cxd4 19. Ne2 e5 20. Qxd7 Nxd7 21.
Nxd4 Nc5 22. Bc4+ Kh8 23. b4 Nd7 24. Bd5 Rac8 25. Nc6 Bg5 26. c4 b5 27. cxb5
axb5 28. Rad1 Nb6 29. Na7 Rc2 30. Bb3 Rcxf2 *

[Event "IV Open Citta di Castellaneta"]
[Site "Castellaneta (TA)"]
[Date "2000.08.31"]
[Round "5"]
[White "Mrdja, Milan"]
[Black "Delizia, Costantino"]
[Result "1-0"]
[WhiteElo "2431"]
[BlackElo "2230"]
[PlyCount "39"]
[EventDate "2000.08.??"]

1. e4 e6 2. d4 d5 3. Nc3 Bb4 4. e5 c5 5. a3 Bxc3+ 6. bxc3 Ne7 7. Qg4 Qc7 8.
Qxg7 Rg8 9. Qxh7 cxd4 10. Ne2 Nbc6 11. f4 Bd7 12. Rb1 dxc3 13. Qd3 Nf5 14. Rg1
O-O-O 15. g4 Nh4 16. Rg3 f6 17. exf6 Be8 18. Nd4 Bf7 19. Nxc6 Qxc6 20. Qxc3 1-0

[Event "IV Open Citta di Castellaneta"]
[Site "Castellaneta (TA)"]
[Date "2000.08.31"]
[Round "5"]
[White "Palac, Mladen"]
[Black "Naumkin, Igor"]
[Result "1-0"]
[WhiteElo "2573"]
[BlackElo "2440"]
[PlyCount "61"]
[EventDate "2000.08.??"]

1. e4 e6 2. d4 d5 3. Nd2 c5 4. exd5 Qxd5 5. dxc5 Bxc5 6. Ngf3 Nf6 7. Bc4 Qh5 8.
Qe2 Nc6 9. Nb3 Bb6 10. Be3 Bxe3 11. Qxe3 O-O 12. O-O-O Nb4 13. Qd2 a5 14. a3
Nc6 15. h3 Ne5 16. Be2 Nxf3 17. Bxf3 Qb5 18. Qd6 Ra6 19. Qc5 Qe8 20. Qc7 Nd5
21. Bxd5 exd5 22. Rhe1 Be6 23. Qxb7 Ra8 24. Nd4 Qd8 25. f4 Rb8 26. Qa6 Qc7 27.
Nxe6 fxe6 28. Qxe6+ Kh8 29. Qe5 Qc4 30. Kb1 Rfc8 31. Rd2 1-0

[Event "IV Open Citta di Castellaneta"]
[Site "Castellaneta (TA)"]
[Date "2000.08.31"]
[Round "5"]
[White "Polushkina, Svetlana"]
[Black "Verrascina, Nicola"]
[Result "1/2-1/2"]
[WhiteElo "2092"]
[BlackElo "2140"]
[PlyCount "63"]
[EventDate "2000.08.??"]

1. d4 d5 2. c4 e6 3. Nc3 c5 4. e3 Nf6 5. Nf3 Nc6 6. a3 cxd4 7. exd4 Be7 8. Bd3
dxc4 9. Bxc4 O-O 10. O-O a6 11. d5 exd5 12. Nxd5 Bg4 13. Bf4 Nxd5 14. Bxd5 Qb6
15. Be3 Qxb2 16. Qa4 Bxf3 17. Bxf3 Qf6 18. Rac1 Rfc8 19. Rfd1 Rd8 20. Rxd8+
Rxd8 21. Bxc6 bxc6 22. Qxa6 Qd6 23. g3 Qxa3 24. Qxc6 h6 25. Qb7 Bf6 26. Kg2 Qa8
27. Qxa8 Rxa8 28. Rc6 Be7 29. h4 h5 30. Rc7 Bf6 31. Kf3 Ra4 32. Rc8+ 1/2-1/2

[Event "IV Open Citta di Castellaneta"]
[Site "Castellaneta (TA)"]
[Date "2000.08.31"]
[Round "5"]
[White "Raineri, Valerio"]
[Black "Sardo, Gabriele"]
[Result "0-1"]
[WhiteElo "2136"]
[BlackElo "2189"]
[PlyCount "55"]
[EventDate "2000.08.??"]

1. e4 c5 2. Nf3 d6 3. d4 cxd4 4. Nxd4 Nf6 5. Nc3 e6 6. Be3 a6 7. Bd3 Be7 8. Qe2
O-O 9. g4 Nc6 10. Rg1 Nxd4 11. Bxd4 b5 12. g5 Nd7 13. e5 g6 14. h4 dxe5 15.
Bxe5 b4 16. Na4 Qa5 17. Qe4 Qxe5 18. Qxe5 Nxe5 19. Be4 Rb8 20. f4 Bd7 21. fxe5
Bxa4 22. O-O-O Rfd8 23. Rdf1 Rbc8 24. Rg3 Rd4 25. Rf4 Rcc4 26. b3 Rxe4 27. Rxe4
Rxe4 28. bxa4 0-1

[Event "IV Open Citta di Castellaneta"]
[Site "Castellaneta (TA)"]
[Date "2000.08.31"]
[Round "5"]
[White "Rizzo, Giovanbattista"]
[Black "Castrogiovanni, Carlo"]
[Result "1-0"]
[WhiteElo "2068"]
[BlackElo "2094"]
[PlyCount "59"]
[EventDate "2000.08.??"]

1. Nf3 c5 2. b3 d6 3. Bb2 e5 4. e4 g6 5. c3 Bg7 6. d4 Qe7 7. Nbd2 Nf6 8. Bb5+
Bd7 9. Qe2 exd4 10. cxd4 O-O 11. Bd3 cxd4 12. Nxd4 Ng4 13. O-O Ne5 14. Rad1
Nbc6 15. Nb5 Rac8 16. Nc4 Nxd3 17. Bxg7 Nf4 18. Qb2 Qxe4 19. f3 Qf5 20. Nbxd6
Qc5+ 21. Kh1 Rfe8 22. Nxe8 Rxe8 23. Bh6 Nh5 24. Rxd7 b5 25. Nd6 Re5 26. Ne4 Qb6
27. Rfd1 f5 28. Ng5 Re7 29. Rxe7 Nxe7 30. Qe5 1-0

[Event "IV Open Citta di Castellaneta"]
[Site "Castellaneta (TA)"]
[Date "2000.08.31"]
[Round "5"]
[White "Spasov, Vasil"]
[Black "Efimov, Igor"]
[Result "1-0"]
[WhiteElo "2593"]
[BlackElo "2541"]
[PlyCount "133"]
[EventDate "2000.08.??"]

1. e4 c5 2. Nf3 Nc6 3. Bb5 d6 4. O-O Bd7 5. Re1 a6 6. Bxc6 Bxc6 7. d4 cxd4 8.
Nxd4 Rc8 9. c4 g6 10. b3 Bg7 11. Bb2 Nf6 12. Nxc6 Rxc6 13. Nc3 Nd7 14. Qe2 O-O
15. Nd5 Bxb2 16. Qxb2 e6 17. Nb4 Rb6 18. Nc2 Ne5 19. Qd4 Rc6 20. Rad1 Qg5 21.
Qe3 Qe7 22. Rd2 b5 23. f4 Ng4 24. Qf3 Qh4 25. h3 Nh6 26. e5 d5 27. g3 Qe7 28.
cxd5 exd5 29. Ne3 Rc3 30. Qxd5 Rfc8 31. Kh2 Qb4 32. Ree2 R3c6 33. Qd4 Qxd4 34.
Rxd4 Nf5 35. Nxf5 gxf5 36. Red2 Rc2 37. g4 fxg4 38. hxg4 Kg7 39. f5 R8c5 40.
Rxc2 Rxc2+ 41. Kg3 Rd2 42. Kf4 Rf2+ 43. Ke3 Rxa2 44. Rd8 Ra1 45. Ke2 Ra2+ 46.
Kf3 Ra1 47. f6+ Kh6 48. Rf8 Re1 49. Rxf7 Rxe5 50. Rg7 Re1 51. Kf4 Rf1+ 52. Ke5
a5 53. g5+ Kh5 54. Ke6 a4 55. b4 a3 56. Rxh7+ Kxg5 57. Rg7+ Kf4 58. f7 Ke4 59.
Rg3 Kd4 60. Rxa3 Kc4 61. Ra8 Kxb4 62. f8=Q+ Rxf8 63. Rxf8 Kc4 64. Rf4+ Kc3 65.
Kd5 b4 66. Rf3+ Kc2 67. Kc4 1-0

[Event "IV Open Citta di Castellaneta"]
[Site "Castellaneta (TA)"]
[Date "2000.08.31"]
[Round "5"]
[White "Tommasini, Enzo"]
[Black "Ficco, Corrado"]
[Result "0-1"]
[WhiteElo "2086"]
[BlackElo "2144"]
[PlyCount "78"]
[EventDate "2000.08.??"]

1. Nf3 Nf6 2. g3 d5 3. Bg2 c5 4. O-O Nc6 5. d4 cxd4 6. Nxd4 e5 7. Nxc6 bxc6 8.
c4 Be6 9. Nc3 Qd7 10. Bg5 Rd8 11. Qa4 Bc5 12. Rad1 Bd4 13. e3 Bxc3 14. bxc3 O-O
15. Bxf6 gxf6 16. cxd5 cxd5 17. Qh4 Qc7 18. Qxf6 Qxc3 19. e4 d4 20. Qxe5 Bxa2
21. Qg5+ Kh8 22. Rc1 f6 23. Qh5 Qd2 24. Rc7 Bg8 25. f4 Rc8 26. Rxc8 Rxc8 27.
Qf5 Qe3+ 28. Kh1 Rf8 29. e5 d3 30. Rd1 d2 31. Qe4 Qxe4 32. Bxe4 Rd8 33. Bc2
Bd5+ 34. Kg1 Bf3 35. Ra1 d1=Q+ 36. Bxd1 Rxd1+ 37. Rxd1 Bxd1 38. Kf2 fxe5 39.
Ke1 exf4 0-1

[Event "IV Open Citta di Castellaneta"]
[Site "Castellaneta (TA)"]
[Date "2000.08.31"]
[Round "5"]
[White "Vujovic, Milorad"]
[Black "Alaimo, Riccardo"]
[Result "0-1"]
[WhiteElo "2275"]
[BlackElo "2089"]
[PlyCount "68"]
[EventDate "2000.08.??"]

1. e4 c5 2. Nf3 d6 3. d4 cxd4 4. Nxd4 Nf6 5. Nc3 a6 6. g3 e5 7. Nde2 b5 8. Bg2
Bb7 9. Bg5 Nbd7 10. a4 b4 11. Nb1 h6 12. Bxf6 Nxf6 13. Nd2 d5 14. exd5 Bxd5 15.
Bxd5 Qxd5 16. O-O Rd8 17. Nb3 Qc4 18. Qe1 Be7 19. Rc1 O-O 20. Nd2 Qc8 21. Nb3
Qh3 22. f3 Nd5 23. Qf2 Bg5 24. f4 exf4 25. gxf4 Bf6 26. Ng3 Bxb2 27. Rcd1 Nf6
28. Rxd8 Rxd8 29. Qb6 Rc8 30. Rf2 Ng4 31. Rg2 Nxh2 32. Qb7 Rd8 33. Qxb4 Rd1+
34. Kf2 Ng4+ 0-1

[Event "IV Open Citta di Castellaneta"]
[Site "Castellaneta (TA)"]
[Date "2000.08.31"]
[Round "6"]
[White "Bentivegna, Francesco"]
[Black "Falbo, Sandro"]
[Result "0-1"]
[WhiteElo "2173"]
[BlackElo "2078"]
[PlyCount "104"]
[EventDate "2000.08.??"]

1. e4 c5 2. Nf3 d6 3. d4 cxd4 4. Qxd4 Nc6 5. Bb5 Bd7 6. Bxc6 Bxc6 7. Nc3 Nf6 8.
Bg5 e6 9. O-O-O Be7 10. Rhe1 Qa5 11. Qd2 Rc8 12. Nd4 O-O 13. f3 b5 14. Nb3 Qc7
15. Bxf6 gxf6 16. Ne2 Kh8 17. Ned4 Rg8 18. Kb1 Bd7 19. Re2 Qb6 20. f4 b4 21.
Nf3 Bb5 22. Rf2 a5 23. Qd4 Qc7 24. Rc1 a4 25. Na1 Qa5 26. c4 bxc3 27. Rxc3 Rxc3
28. Qxc3 Qxc3 29. bxc3 Bd3+ 30. Kc1 Bxe4 31. g3 d5 32. Nc2 Rb8 33. Nd2 Bxc2 34.
Kxc2 Ba3 35. Kd3 Rb2 36. c4 dxc4+ 37. Kxc4 Rxa2 38. Ne4 Rxf2 39. Nxf2 Be7 40.
h3 Kg7 41. g4 h5 42. Nd1 hxg4 43. hxg4 Bd6 44. f5 Kh6 45. Nf2 Be7 46. Ne4 Kg7
47. Kc3 Kf8 48. Kc2 Ke8 49. Nc3 a3 50. Kb3 Kd7 51. Nb5 Kc6 52. fxe6 Kxb5 0-1

[Event "IV Open Citta di Castellaneta"]
[Site "Castellaneta (TA)"]
[Date "2000.08.31"]
[Round "6"]
[White "Capuano, Eugenio"]
[Black "Raineri, Valerio"]
[Result "1-0"]
[WhiteElo "2176"]
[BlackElo "2136"]
[PlyCount "79"]
[EventDate "2000.08.??"]

1. e4 e5 2. Nf3 Nc6 3. d4 exd4 4. Nxd4 Bc5 5. Nxc6 Qf6 6. Qd2 dxc6 7. Nc3 Be6
8. Na4 Rd8 9. Bd3 Bd6 10. O-O c5 11. Qe3 Qd4 12. Nc3 Ne7 13. f4 f6 14. Kh1 Qxe3
15. Bxe3 c4 16. Be2 a6 17. Rad1 O-O 18. Rd2 Bb4 19. Rfd1 Rxd2 20. Bxd2 Rd8 21.
Be3 Rxd1+ 22. Nxd1 b5 23. g4 Kf8 24. Kg2 Nc8 25. c3 Ba5 26. f5 Bf7 27. Bf4 Bb6
28. e5 Bd5+ 29. Bf3 Ne7 30. e6 Ke8 31. Be3 g6 32. Bxb6 cxb6 33. Ne3 Bxf3+ 34.
Kxf3 gxf5 35. gxf5 Kd8 36. Ke4 a5 37. a3 Nc6 38. Nd5 Ne5 39. Nxf6 Nd3 40. Kd5
1-0

[Event "IV Open Citta di Castellaneta"]
[Site "Castellaneta (TA)"]
[Date "2000.08.31"]
[Round "6"]
[White "Collutiis, Duilio"]
[Black "Mrdja, Milan"]
[Result "0-1"]
[WhiteElo "2286"]
[BlackElo "2431"]
[PlyCount "114"]
[EventDate "2000.08.??"]

1. e4 c5 2. Nf3 d6 3. d4 cxd4 4. Nxd4 Nf6 5. f3 e6 6. c4 Be7 7. Nc3 O-O 8. Nc2
a6 9. Be2 Nbd7 10. O-O b6 11. Ne3 Bb7 12. b3 Re8 13. Kh1 Qc7 14. Bb2 Rac8 15.
Rc1 Qb8 16. Bd3 Bc6 17. Qe2 Bf8 18. Rfe1 Bb7 19. Qd2 Kh8 20. Qf2 Bc6 21. Qh4
Ne5 22. Bb1 b5 23. cxb5 axb5 24. b4 Bd7 25. Qg3 Be7 26. Rcd1 Ng6 27. Ne2 Qa7
28. Nf4 Nxf4 29. Qxf4 e5 30. Qg3 Be6 31. a3 Red8 32. Nd5 Bxd5 33. exd5 Nh5 34.
Qh3 g6 35. g3 Kg8 36. Qf1 Qb7 37. Qe2 Bg5 38. Bd3 Rb8 39. Kg2 Rdc8 40. Rf1 Qb6
41. Rde1 Bh6 42. Qd1 Nf6 43. Bb1 Qb7 44. Ba2 Nd7 45. f4 Bg7 46. f5 Nb6 47. Qd2
Nc4 48. Bxc4 Rxc4 49. f6 Bf8 50. Rc1 Rbc8 51. Rxc4 Rxc4 52. Rc1 Qc8 53. Rxc4
Qxc4 54. h3 Qe4+ 55. Kh2 h5 56. Qg2 Qf5 57. a4 bxa4 0-1

[Event "IV Open Citta di Castellaneta"]
[Site "Castellaneta (TA)"]
[Date "2000.08.31"]
[Round "6"]
[White "Cucinella, Vincenzo"]
[Black "Vujovic, Milorad"]
[Result "0-1"]
[WhiteElo "2116"]
[BlackElo "2275"]
[PlyCount "76"]
[EventDate "2000.08.??"]

1. Nf3 d5 2. g3 c5 3. Bg2 Nc6 4. d3 e5 5. Nbd2 f5 6. O-O Nf6 7. c4 d4 8. b4
cxb4 9. a3 a5 10. axb4 Bxb4 11. Ba3 Qe7 12. Qb3 Bxa3 13. Qxa3 Ra6 14. Rfb1 Nb4
15. Qb2 Nd7 16. Nb3 b6 17. Ne1 Nc5 18. Nc2 Nxc2 19. Qxc2 O-O 20. Nxc5 Qxc5 21.
Rb5 Qc7 22. c5 Be6 23. Qb2 bxc5 24. Rb7 Qd6 25. Qb5 Rfa8 26. Rxg7+ Kxg7 27.
Bxa8 Bd7 28. Qb7 a4 29. Qd5 Qxd5 30. Bxd5 a3 31. Bc4 Ra7 32. Kf1 Kf6 33. Ke1
Be6 34. Bxe6 Kxe6 35. Kd2 Kd5 36. Kc2 c4 37. dxc4+ Kxc4 38. Rc1 Rb7 0-1

[Event "IV Open Citta di Castellaneta"]
[Site "Castellaneta (TA)"]
[Date "2000.08.31"]
[Round "6"]
[White "De Santis, Alessio"]
[Black "Bratanov, Zsivko"]
[Result "1/2-1/2"]
[WhiteElo "2309"]
[BlackElo "2400"]
[PlyCount "121"]
[EventDate "2000.08.??"]

1. d4 f5 2. c4 g6 3. Nf3 Bg7 4. Nc3 Nf6 5. g3 O-O 6. Bg2 d6 7. O-O Qe8 8. d5 a5
9. Rb1 Na6 10. b3 c6 11. Bb2 Nc5 12. a3 Bd7 13. b4 Nce4 14. Nxe4 fxe4 15. Ng5
Bf5 16. Ne6 Bxe6 17. dxe6 axb4 18. axb4 Qc8 19. Bxf6 Bxf6 20. Bxe4 Qxe6 21. Qd3
Qd7 22. Rfd1 Kg7 23. b5 Rfc8 24. Rb3 Ra4 25. bxc6 bxc6 26. Ra3 Qa7 27. Rxa4
Qxa4 28. Rb1 Qa5 29. Kg2 Qc5 30. Bf3 Qd4 31. Qxd4 Bxd4 32. Rb7 Kf6 33. e3 Bc5
34. Bg4 Ra8 35. Rc7 Ra2 36. Kf1 Ra1+ 37. Kg2 Ra2 38. Kf1 Ra4 39. Be2 Ra6 40.
Bf3 Ra1+ 41. Kg2 Ra4 42. Be2 Ra2 43. Kf1 Ra1+ 44. Kg2 Ra6 45. Bf3 Ra4 46. Be2
Ra2 47. Kf1 Ra6 48. Bf3 Ra4 49. Be2 Ke6 50. Rxc6 Kd7 51. Bf3 h6 52. h4 Ra2 53.
Be4 g5 54. hxg5 hxg5 55. g4 e6 56. Bf3 Ra4 57. Ke2 Ra3 58. Be4 Ra2+ 59. Kf1 Ra4
60. Bf3 Rxc4 61. Ra6 1/2-1/2

[Event "IV Open Citta di Castellaneta"]
[Site "Castellaneta (TA)"]
[Date "2000.08.31"]
[Round "6"]
[White "Delizia, Costantino"]
[Black "Campanile, Roberto"]
[Result "0-1"]
[WhiteElo "2230"]
[BlackElo "2173"]
[PlyCount "90"]
[EventDate "2000.08.??"]

1. e4 c5 2. c3 b6 3. d4 Bb7 4. Bd3 e6 5. Nf3 Nf6 6. Nbd2 d6 7. O-O Be7 8. Re1
O-O 9. Nf1 Nbd7 10. Ng3 Re8 11. Qe2 a6 12. Bd2 Qc7 13. Rad1 b5 14. Bb1 Rac8 15.
Qd3 Nf8 16. Bc1 b4 17. cxb4 cxb4 18. Bd2 d5 19. e5 Ne4 20. Qe3 Nxd2 21. Nxd2 a5
22. f4 g6 23. Ne2 f5 24. exf6 Bxf6 25. Nf3 Ba6 26. Ne5 Nd7 27. Nc1 Bg7 28. Ncd3
Bxd3 29. Bxd3 Nxe5 30. fxe5 Qb6 31. h4 Rf8 32. h5 gxh5 33. Bb1 Qd8 34. Qd3 Rf5
35. Qa6 Rf7 36. Qxe6 Rcc7 37. Rf1 Qd7 38. Qxf7+ Qxf7 39. Rxf7 Kxf7 40. Bxh7 Bh6
41. Kf2 a4 42. Ke2 b3 43. axb3 axb3 44. Rf1+ Ke7 45. Rf3 Rc2+ 0-1

[Event "IV Open Citta di Castellaneta"]
[Site "Castellaneta (TA)"]
[Date "2000.08.31"]
[Round "6"]
[White "Efimov, Igor"]
[Black "Dragojlovic, Andjelko"]
[Result "1-0"]
[WhiteElo "2541"]
[BlackElo "2395"]
[PlyCount "65"]
[EventDate "2000.08.??"]

1. d4 Nf6 2. Bg5 e6 3. e4 c5 4. Nc3 cxd4 5. Qxd4 Qa5 6. h4 Nc6 7. Qd2 Bb4 8.
Bxf6 gxf6 9. Rh3 h5 10. O-O-O b5 11. Kb1 a6 12. f4 Rb8 13. Nge2 Be7 14. Ng3 b4
15. Nce2 Qc5 16. Nc1 a5 17. Nd3 Qa7 18. Be2 a4 19. Nxh5 a3 20. Nc1 axb2 21.
Kxb2 Ra8 22. g4 Na5 23. Qd4 Qxd4+ 24. Rxd4 Bb7 25. g5 fxg5 26. hxg5 Kf8 27. e5
Bd5 28. Rdd3 Nc4+ 29. Ka1 Na3 30. Nf6 Rxh3 31. Rxh3 Bxf6 32. gxf6 Kg8 33. Rg3+
1-0

[Event "IV Open Citta di Castellaneta"]
[Site "Castellaneta (TA)"]
[Date "2000.08.31"]
[Round "6"]
[White "Ferri, Stefano"]
[Black "Polushkina, Svetlana"]
[Result "1-0"]
[WhiteElo "2089"]
[BlackElo "2092"]
[PlyCount "89"]
[EventDate "2000.08.??"]

1. d4 d5 2. c4 e6 3. Nc3 c5 4. cxd5 cxd4 5. Qxd4 Nc6 6. Qd1 exd5 7. Qxd5 Bd7 8.
e4 Nf6 9. Qd1 Bc5 10. Bb5 Qb6 11. Qe2 O-O-O 12. Nf3 Bg4 13. Bxc6 Qxc6 14. O-O
Rhe8 15. Be3 Nxe4 16. Rac1 Bxe3 17. Qxe3 Nc5 18. Ne5 Qc7 19. Nb5 Rxe5 20. Nxc7
Rxe3 21. fxe3 Kxc7 22. Rxc5+ Kb6 23. Rc2 Be6 24. b3 Rd3 25. Kf2 Kb5 26. Ke2 Rd7
27. Rf4 a5 28. Rd4 Rxd4 29. exd4 a4 30. Kd2 axb3 31. axb3 Bxb3 32. Rb2 Kc4 33.
d5 Ba4 34. Rxb7 Kxd5 35. Rxf7 g6 36. Rxh7 Ke5 37. Rf7 Bc6 38. g3 Be4 39. Ke3
Bg2 40. g4 Bd5 41. Rf8 Be6 42. Kf3 g5 43. Re8 Kf6 44. Rxe6+ Kxe6 45. Ke4 1-0

[Event "IV Open Citta di Castellaneta"]
[Site "Castellaneta (TA)"]
[Date "2000.08.31"]
[Round "6"]
[White "Ficco, Corrado"]
[Black "Gardon, Ermanno"]
[Result "1-0"]
[WhiteElo "2144"]
[BlackElo "2081"]
[PlyCount "88"]
[EventDate "2000.08.??"]

1. e4 e6 2. d4 c5 3. Nf3 cxd4 4. Nxd4 Nf6 5. Nc3 Nc6 6. Nxc6 bxc6 7. e5 Nd5 8.
Ne4 Bb7 9. c4 Nb4 10. Bd2 c5 11. Nc3 Qc7 12. f4 a6 13. a3 Nc6 14. Be3 d6 15.
exd6 Bxd6 16. Qg4 f5 17. Qh5+ g6 18. Qg5 Be7 19. Qg3 O-O-O 20. Be2 Nd4 21. Bd1
g5 22. fxg5 Bd6 23. Qh3 Rdg8 24. Bf3 Bxf3 25. gxf3 Nc2+ 26. Kd2 Nxa1 27. Rxa1
Bf4 28. Bxf4 Qxf4+ 29. Kc2 Rxg5 30. Rd1 Qxc4 31. Kb1 Qb3 32. Qf1 Qb6 33. Qe2
Rgg8 34. Na4 Qc6 35. Rc1 Qxa4 36. Qxe6+ Kd8 37. Rxc5 Qd7 38. Rd5 Qxd5 39. Qxd5+
Ke7 40. Qe5+ Kf7 41. Qxf5+ Kg7 42. Ka2 Rd8 43. Qe5+ Kf7 44. Qc7+ Ke8 1-0

[Event "IV Open Citta di Castellaneta"]
[Site "Castellaneta (TA)"]
[Date "2000.08.31"]
[Round "6"]
[White "Foisor, Ovidiu"]
[Black "Rausis, Igors"]
[Result "1/2-1/2"]
[WhiteElo "2404"]
[BlackElo "2551"]
[PlyCount "74"]
[EventDate "2000.08.??"]

1. c4 c6 2. Nf3 d5 3. e3 Nf6 4. Nc3 e6 5. d4 Nbd7 6. Qc2 Bd6 7. Be2 O-O 8. b3
b6 9. O-O Bb7 10. e4 Nxe4 11. Nxe4 dxe4 12. Qxe4 Nf6 13. Qh4 c5 14. Bb2 Ne4 15.
Qxd8 Rfxd8 16. Rad1 Be7 17. Rd3 a5 18. Rfd1 a4 19. Kf1 f6 20. d5 exd5 21. cxd5
Nd6 22. Bc1 Re8 23. Bf4 Bf8 24. Nd2 axb3 25. Rxb3 Nc8 26. Bb5 Ba6 27. Nc4 Bxb5
28. Rxb5 Re4 29. d6 Rxf4 30. d7 Na7 31. Rxb6 Rd8 32. Na5 Rd4 33. Rxd4 cxd4 34.
Rb7 Bc5 35. Nb3 Bb6 36. Rxb6 Rxd7 37. Ke2 Kf7 1/2-1/2

[Event "IV Open Citta di Castellaneta"]
[Site "Castellaneta (TA)"]
[Date "2000.08.31"]
[Round "6"]
[White "Gueci, Riccardo"]
[Black "Martorelli, Antonio"]
[Result "0-1"]
[WhiteElo "2169"]
[BlackElo "2272"]
[PlyCount "88"]
[EventDate "2000.08.??"]

1. e4 c5 2. Nf3 e6 3. c3 Nf6 4. e5 Nd5 5. d4 cxd4 6. cxd4 d6 7. Bc4 Nb6 8. Bb3
dxe5 9. Nxe5 Nc6 10. Nxc6 bxc6 11. O-O Be7 12. Nc3 O-O 13. Ne4 Nd5 14. Re1 Rb8
15. Bd2 Qb6 16. Bc3 f5 17. Nd2 Qc7 18. Nf3 Bd6 19. Rc1 Bd7 20. Bd2 Qb6 21. Ne5
Bxe5 22. dxe5 c5 23. Be3 Nxe3 24. Qxd7 c4 25. Rxe3 Rbd8 26. Qa4 f4 27. Rf3 cxb3
28. Qxb3 Rd5 29. Qxb6 axb6 30. Re1 g5 31. h3 Rf5 32. g3 h5 33. gxf4 g4 34. hxg4
hxg4 35. Rb3 b5 36. Rb4 Kf7 37. Kg2 Rh5 38. Rh1 Rxh1 39. Kxh1 Kg6 40. Kg2 Kf5
41. Kg3 Rd3+ 42. Kg2 Rd5 43. Kf1 Rc5 44. Ke2 Rd5 *

[Event "IV Open Citta di Castellaneta"]
[Site "Castellaneta (TA)"]
[Date "2000.08.31"]
[Round "6"]
[White "Mazzilli, Piero"]
[Black "Foisor, Cristina"]
[Result "1/2-1/2"]
[WhiteElo "2183"]
[BlackElo "2386"]
[PlyCount "120"]
[EventDate "2000.08.??"]

1. e4 d6 2. d4 Nf6 3. Nc3 g6 4. g3 Bg7 5. Bg2 c6 6. Nge2 O-O 7. O-O e5 8. dxe5
dxe5 9. Qxd8 Rxd8 10. f3 Na6 11. Be3 Be6 12. a3 Nd7 13. Rfd1 Bf8 14. Rd2 Re8
15. Bf1 Nb6 16. b3 Rad8 17. Rxd8 Rxd8 18. Kf2 Bc5 19. Bxc5 Nxc5 20. Rd1 Re8 21.
Nc1 Kf8 22. Nd3 Nxd3+ 23. Bxd3 Ke7 24. Ke3 g5 25. Rh1 Rg8 26. Nd1 Nd7 27. Kf2
Nc5 28. Be2 b5 29. Ne3 a5 30. b4 Na4 31. c4 axb4 32. axb4 bxc4 33. Nxc4 Bxc4
34. Bxc4 Rb8 35. Rb1 f6 36. Ke3 Nb6 37. Bb3 Nd7 38. Ba4 Rb6 39. Rc1 Nb8 40. Rc4
Kd6 41. Kd3 Na6 42. Kc3 c5 43. bxc5+ Nxc5 44. Bc2 Ne6 45. Rb4 Rc6+ 46. Rc4 Nd4
47. Rxc6+ Kxc6 48. Bd1 Kc5 49. Kd3 h6 50. h3 h5 51. f4 gxf4 52. gxf4 Ne6 53.
fxe5 fxe5 54. Kc3 Nf4 55. h4 Ng6 56. Bxh5 Nxh4 57. Bf7 Nf3 58. Bd5 Ng5 59. Bb7
Nh7 60. Bd5 Nf6 1/2-1/2

[Event "IV Open Citta di Castellaneta"]
[Site "Castellaneta (TA)"]
[Date "2000.08.31"]
[Round "6"]
[White "Miezis, Normunds"]
[Black "Gorbatow, Alexej"]
[Result "1-0"]
[WhiteElo "2518"]
[BlackElo "2411"]
[PlyCount "51"]
[EventDate "2000.08.??"]

1. c4 c5 2. Nc3 g6 3. g3 Bg7 4. Bg2 Nc6 5. d3 e6 6. h4 Nge7 7. h5 d5 8. cxd5
Nxd5 9. Bd2 O-O 10. Qc1 Nxc3 11. bxc3 Bd7 12. Nf3 b5 13. hxg6 hxg6 14. Ng5 b4
15. Ne4 f5 16. Nxc5 Rc8 17. cxb4 a6 18. a3 Nd4 19. Rb1 Ba4 20. Bh6 f4 21. Bxg7
Kxg7 22. gxf4 Qf6 23. Kf1 e5 24. Qe3 Nf5 25. Qxe5 Ng3+ 26. Ke1 1-0

[Event "IV Open Citta di Castellaneta"]
[Site "Castellaneta (TA)"]
[Date "2000.08.31"]
[Round "6"]
[White "Naumkin, Igor"]
[Black "Ausmins, Elmar"]
[Result "1-0"]
[WhiteElo "2440"]
[BlackElo "2324"]
[PlyCount "71"]
[EventDate "2000.08.??"]

1. d4 g6 2. c4 Bg7 3. Nc3 c5 4. d5 Bxc3+ 5. bxc3 f5 6. h4 Nf6 7. h5 Rg8 8. hxg6
hxg6 9. f3 Qa5 10. Qc2 d6 11. Nh3 Nbd7 12. Bf4 Nb6 13. e3 Bd7 14. Bd3 O-O-O 15.
Ng5 Qa4 16. Qb3 Qa6 17. e4 fxe4 18. fxe4 Rdf8 19. O-O Ba4 20. Qb2 Nbd7 21. Qe2
Nh5 22. Bh2 Ne5 23. Rxf8+ Rxf8 24. Ne6 Rf7 25. Rf1 Rxf1+ 26. Qxf1 Nf6 27. Bxe5
dxe5 28. Nxc5 Qa5 29. Nxa4 Qxa4 30. Qe2 Qa3 31. Qd2 Qc5+ 32. Qf2 Qxf2+ 33. Kxf2
b6 34. Kg3 g5 35. Kf3 g4+ 36. Kg3 1-0

[Event "IV Open Citta di Castellaneta"]
[Site "Castellaneta (TA)"]
[Date "2000.08.31"]
[Round "6"]
[White "Passerotti, Pierluigi"]
[Black "Artizzu, Giulio"]
[Result "1-0"]
[WhiteElo "2265"]
[BlackElo "2095"]
[PlyCount "117"]
[EventDate "2000.08.??"]

1. d4 Nf6 2. Nf3 c5 3. e3 g6 4. c4 Bg7 5. Nc3 b6 6. Be2 O-O 7. O-O Bb7 8. d5 d6
9. e4 Nbd7 10. Qc2 Ne8 11. Re1 e5 12. Bd3 Bc8 13. Kh1 Nb8 14. a3 f5 15. b4 f4
16. bxc5 bxc5 17. h3 g5 18. Nh2 h5 19. Be2 Nf6 20. Qd1 g4 21. Rg1 g3 22. fxg3
fxg3 23. Nf1 Ng4 24. Bxg4 Rxf1 25. Be6+ Bxe6 26. Rxf1 Bg4 27. Qd3 Qh4 28. Ne2
Bxe2 29. Qxe2 Nd7 30. Rf5 Nf6 31. Bg5 Qxe4 32. Qf3 Qxf3 33. gxf3 Nh7 34. Rb1
Nxg5 35. Rxg5 Rf8 36. Rb7 Rf7 37. Rxf7 Kxf7 38. Rxg3 Bh6 39. Rg1 Kf6 40. Kg2
Kf5 41. Re1 Bd2 42. Re2 Bc1 43. a4 a5 44. Kf2 Ba3 45. Re4 Bc1 46. Ke2 Ba3 47.
Kd3 Bc1 48. Re1 Ba3 49. Rg1 Kf4 50. Rg6 Kxf3 51. Rf6+ Kg3 52. Rxd6 Kxh3 53. Rg6
Bc1 54. d6 Bf4 55. Ke4 Kh2 56. d7 h4 57. d8=Q h3 58. Qd3 Be3 59. Qxe3 1-0